Govt. of
Madhya Pradesh

Normal view MARC view

Entry Topical Term

Number of records used in: 0

001 - CONTROL NUMBER

  • control field: 61862

003 - CONTROL NUMBER IDENTIFIER

  • control field: OSt

005 - DATE AND TIME OF LATEST TRANSACTION

  • control field: 20160602165638.0

008 - FIXED-LENGTH DATA ELEMENTS

  • fixed length control field: 160602|| aca||aabn | a|a d

040 ## - CATALOGING SOURCE

  • Original cataloging agency: OSt
  • Transcribing agency: OSt

150 ## - HEADING--TOPICAL TERM

  • Topical term or geographic name entry element: …o…_…̆…"…_

670 ## - SOURCE DATA FOUND

  • Source citation: Work cat.: (OSt)47143: खरे, संदीप 61860, विश्‍व के महान वैज्ञानिक और उनका व्‍यक्तित्‍व , 2011